The Idea of the university : A reexamination

Jaroslav Pelikan provides a unique perspective on the university today by reexamining it in light of John Henry Cardinal Newman’s 150-year old classic The Idea of a University and showing how Cardinal Newman’s ideas both illuminate and differ from current problems facing higher education. Pelikan be...

全面介紹

Đã lưu trong:
書目詳細資料
主要作者: Pelikan, Jaroslav
格式: 圖書
語言:Undetermined
出版: New Haven Yale University Press 1992
主題:
標簽: 添加標簽
沒有標簽, 成為第一個標記此記錄!
Thư viện lưu trữ: Trung tâm Học liệu Trường Đại học Cần Thơ
LEADER 01886nam a2200205Ia 4500
001 CTU_223316
008 210402s9999 xx 000 0 und d
082 |a 378.001 
082 |b P384 
100 |a Pelikan, Jaroslav 
245 4 |a The Idea of the university : 
245 2 |b A reexamination 
245 0 |c Jaroslav Pelikan 
260 |a New Haven 
260 |b Yale University Press 
260 |c 1992 
520 |a Jaroslav Pelikan provides a unique perspective on the university today by reexamining it in light of John Henry Cardinal Newman’s 150-year old classic The Idea of a University and showing how Cardinal Newman’s ideas both illuminate and differ from current problems facing higher education. Pelikan begins by affirming the validity of Newman’s first principle: that knowledge must be an end in itself. He goes on to make the case for the inseparability of research and teaching on both intellectual and practical grounds, stressing the virtues—free inquiry, scholarly honesty, civility in discourse, toleration of diverse beliefs and values, and trust in rationality and public verifiability—that must be practiced and taught by the university. He discusses the business of the university—the advancement of knowledge through research, the extension and interpretation of knowledge through undergraduate and graduate teaching, the preservation of knowledge in libraries, museums, and galleries, and the diffusion of knowledge through scholarly publishing. And he argues that be performing these tasks, by developing closer ties with other schools at all levels, and by involving the community in lifelong education, the university will make its greatest contribution to society... 
650 |a Universities and colleges,Trường Đại học và Cao đẳng 
904 |i Vũ Anh, Giang 
980 |a Trung tâm Học liệu Trường Đại học Cần Thơ